00314nam a2200121Ia 450000500170000000800410001708200130005810000130007124500280008426000360011230000120014850000320016020250405125022.0240331s9999 xx 000 0 und d bSULa894 aSulfika, 0aVilankidappatta manudam aMadrasbSouth Asian Booksc1995 a54 p ., aIlathu Ilakkiya Kavithaikal